000
00213 a2200097 4500
001
43203
100
_a
Brew ster
245
_a
East west passage
260
_a
London
_b
George allen unwin
_c
090
_c
27046
_d
27046
942
_a
NUST-CAE
_c
M
_c
18943
999
_c
278276
_d
278276